00374nam a2200121Ia 4500003000400000005001700004008004100021040001800062041000800080100005100088245008300139260003000222OSt20260227113451.0211028s2019 xx 000 0 und d cAIMIT LIBRARY aeng aSushmita; Mascarenhas, Deepika Maria.g1716201 aStudy on recruitment and selection process at Goavega Software India pvt ltd / aMangalorebDhanajayc2019